The Oxford Dictionary of English Etymology / (Record no. 136301)

MARC details
000 -LEADER
fixed length control field 00717nam a22002057a 4500
010 ## - LIBRARY OF CONGRESS CONTROL NUMBER
LC control number 459339
035 ## - SYSTEM CONTROL NUMBER
System control number 459339
037 ## - SOURCE OF ACQUISITION
Source of stock number/acquisition Cen Lib / Ret
040 ## - CATALOGING SOURCE
Original cataloging agency DPL
Language of cataloging En
082 ## - DEWEY DECIMAL CLASSIFICATION NUMBER
Classification number 422
Item number OXF
245 ## - TITLE STATEMENT
Title The Oxford Dictionary of English Etymology /
Statement of responsibility, etc edited by C. T. Onions
260 ## - PUBLICATION, DISTRIBUTION, ETC. (IMPRINT)
Place of publication, distribution, etc Oxford
Name of publisher, distributor, etc At the Clarendon Press
Date of publication, distribution, etc 1966
270 ## - ADDRESS
Address At the Clarendon Press
City Oxford
300 ## - PHYSICAL DESCRIPTION
Extent 1024p ;
Dimensions 24cm(Hb)
650 ## - SUBJECT ADDED ENTRY--TOPICAL TERM
Topical term or geographic name as entry element Onions, C. T. -- (Charles Talbut), -- 1873-1965.
9 (RLIN) 141278
650 ## - SUBJECT ADDED ENTRY--TOPICAL TERM
Topical term or geographic name as entry element English language -- Etymology -- Dictionaries.
9 (RLIN) 141279
650 ## - SUBJECT ADDED ENTRY--TOPICAL TERM
Topical term or geographic name as entry element Language and languages -- Etymology -- Dictionaries.
9 (RLIN) 141280
700 ## - ADDED ENTRY--PERSONAL NAME
Personal name Onions, C. T.
9 (RLIN) 141281
942 ## - ADDED ENTRY ELEMENTS (KOHA)
Source of classification or shelving scheme Dewey Decimal Classification
Koha item type English Books
Classification part 422
Call number suffix OXF
Holdings
Withdrawn status Lost status Damaged status Not for loan Home library Current library Date acquired Source of acquisition Total Checkouts Full call number Barcode Date last seen Copy number Price effective from Koha item type
        Central Library Central Library 19/03/2016 Cen Lib/Ret   422 OXF 459339 19/03/2016 1 19/03/2016 English Books

© Delhi Public Library
Hit Counter
free hit counter